000 01071nam a2200229Ia 4500
008 0000002005 sp a 0000000000spa00
020 _a8488285604
090 _aPSP00 P66a
100 1 _aPoole Quintana, Belén
245 1 0 _aArancha Goyeneche
_b: pintar la impresión
_c/ textos Belén Poole Quintana, Isabel Portilla Arroyo ; fotografías Belén Pereda, Gelo Bustamante
300 _a44 p.
_c/ 24 cm.
500 _aExposición realizada en el Museo de Bellas Artes de Santander entre mayo 6 al 18 de junio de 2005 \ Incluye datos biográficos y cronología artística \ Donación de Carlos Jiménez, 2012
600 0 0 _a GOYENECHE, ARANCHA, 1967/
_xTRABAJOS PICTORICOS \ GOYENECHE, ARANCHA, 1967/
_xTRABAJOS ARTISTICOS
650 1 4 _a PINTURA ESPAÑOLA
650 1 4 _aARTE CONTEMPORANEO ESPAÑOL
650 1 4 _aARTISTAS PLASTICOS ESPAÑOLES
650 1 4 _xCATALOGOS
650 1 4 _xEXPOSICIONES
650 1 4 _aFOTOGRAFIA Y PINTURA
700 1 _aPortilla Arroyo, Isabel
999 _c14203
_d14203
260 _aSantander, España : Museo de Bellas Artes de Santander
_c2005